Science Quiz

Random Science or Math Quiz

Minute Math (Mixed Operations) Quiz Stats

 Plays Quiz Updated Mar 31, 2016

Also try: Simple Math Mayhem
Challenge
Share
Tweet
Embed
Score 0/50 Timer 01:00
17 Plays Today
Problem Solution % Correct
5+27
71.1%
0+2929
70.6%
2+46
70.5%
30-300
70.2%
2+810
70.2%
12-84
70%
16-133
69.8%
7-34
69.5%
12-48
69.3%
9-27
69.3%
17+421
68.9%
0+66
68.9%
16-97
68.8%
6x636
68.8%
4x28
68.6%
7+916
68.6%
4+59
68.5%
10+313
68.4%
11x111
68.4%
14-104
68.3%
8+210
68.1%
7x749
67.7%
10x10100
67.6%
5x525
67.5%
15-114
67.5%
Problem Solution % Correct
8x00
67.4%
5x630
66.5%
3x39
66.2%
13-67
66%
20-416
65.9%
5-05
65.7%
11+213
65.6%
3x2575
65.2%
77÷117
65.1%
6+814
65.1%
80÷108
64.7%
19-415
64.7%
6÷32
64.5%
6x848
64.5%
13x339
64.2%
88÷811
63.7%
1+23
63.4%
32÷162
62.7%
18÷29
62.7%
54÷96
62.4%
7÷71
62.1%
12÷43
60.9%
1÷11
60.9%
56÷87
60.6%
34÷217
59%

You're not logged in!

Compare scores with friends on all Sporcle quizzes.
OR
Log In

You Might Also Like...

Show Comments

Extras

Top Quizzes Today


Score Distribution

Your Account Isn't Verified!

In order to create a playlist on Sporcle, you need to verify the email address you used during registration. Go to your Sporcle Settings to finish the process.

Report this User

Report this user for behavior that violates our Community Guidelines.

Details: